[Event "Florianopolis op 9th"]
[Site "Florianopolis"]
[Date "2023.01.26"]
[Round "6"]
[White "Jiang, Lucas Zirui"]
[Black "Pinto, Vanderlei"]
[Result "1-0"]
[WhiteElo "1637"]
[BlackElo "1346"]
[PlyCount "67"]
[EventDate "2023.01.23"]
[EventType "swiss"]
[EventRounds "10"]
[EventCountry "BRA"]
[SourceTitle "CBM 212 Extra"]
[Source "ChessBase"]
[SourceDate "2023.03.31"]
[SourceVersion "1"]
[SourceVersionDate "2023.03.31"]
[SourceQuality "1"]

1. d4 Nf6 2. Nf3 g6 3. c4 Bg7 4. Nc3 0-0 5. h3 d6 6. Bf4 c6 7. e3 Nbd7 8. Be2 Re8 9. 0-0 Nh5 10. Bh2 Nhf6 11. b4 b6 12. Qc2 Bb7 13. Rfd1 Rc8 14. Bf1 c5 15. bxc5 Bxf3 16. gxf3 bxc5 17. d5 Nb6 18. Rab1 Qd7 19. a4 Qd8 20. Rb3 Nh5 21. Rdb1 e6 22. dxe6 Qg5+ 23. Kh1 fxe6 24. Ne4 Qf5 25. Qd1 Be5 26. Bxe5 Qxe5 27. a5 d5 28. axb6 dxe4 29. bxa7 Ra8 30. f4 Nxf4 31. exf4 Qxf4 32. Qd7 Rad8 33. Qxd8 Rxd8 34. Rb8 1-0

[Event "Florianopolis op 9th"]
[Site "Florianopolis"]
[Date "2023.01.23"]
[Round "1"]
[White "Pinto, Vanderlei"]
[Black "Pertuzatti, Daniel"]
[Result "0-1"]
[WhiteElo "1346"]
[BlackElo "1973"]
[PlyCount "64"]
[EventDate "2023.01.23"]
[EventType "swiss"]
[EventRounds "10"]
[EventCountry "BRA"]
[SourceTitle "CBM 212 Extra"]
[Source "ChessBase"]
[SourceDate "2023.03.31"]
[SourceVersion "1"]
[SourceVersionDate "2023.03.31"]
[SourceQuality "1"]

1. Nf3 d5 2. e3 Bg4 3. Be2 Nf6 4. b3 c5 5. Bb2 Nc6 6. c4 Bxf3 7. Bxf3 d4 8. Bxc6+ bxc6 9. d3 e5 10. e4 Be7 11. h3 0-0 12. 0-0 Qc7 13. Bc1 Nd7 14. f4 f5 15. Qe2 fxe4 16. Qxe4 Bd6 17. f5 Nf6 18. Qh4 e4 19. dxe4 Bg3 20. Bf4 Nxe4 21. Bxc7 Bxh4 22. Rf4 Bg3 23. Rxe4 Bxc7 24. g4 Ba5 25. Na3 Rae8 26. Rxe8 Rxe8 27. Kf2 Re3 28. Rh1 Rd3 29. Nb1 Kf7 30. h4 Kf6 31. Rg1 Ke5 32. Rg3 Be1+ 0-1